000 00340nam a2200121Ia 4500
008 151213s9999 xx 000 0 und d
245 _aAgriculture in Liberalizing Economics : Changing Roles for Government
260 _aWashington D. C
_bWorld Bank
_c1995
300 _a2030 p.
650 _aAgricultural
650 _aScience
999 _c1487
_d1487